O meu pé de laranja lima (Record no. 7587)
[ view plain ]
| 000 -Etiqueta do registo | |
|---|---|
| Valores | 00596nam a2200229 4500 |
| 010 ## - Número ISBN | |
| ISBN | 978-972-8202-29-3 |
| 021 ## - Número do Depósito Legal | |
| Número | 367125/13 |
| 100 ## - Dados gerais de processamento | |
| Dados gerais | 20140930 frey50 |
| 101 ## - Língua de publicação | |
| -- | por |
| 102 ## - País de publicação | |
| -- | PT |
| 200 ## - Titulo e menção de responsabilidade | |
| Título próprio | O meu pé de laranja lima |
| Primeira menção de responsabilidade | José Mauro de Vasconcelos |
| Outras menções de responsabilidade | Jayme Cortez |
| 205 ## - Menção da edição | |
| Edição | 7ª ed. |
| 210 ## - Publicação | |
| Local de publicação | Lisboa |
| Nome do editor | Dinapress |
| Data de publicação | 2013 |
| 215 ## - Descrição física | |
| Paginação / Volumes | 193 p. |
| Dimensões | 21 cm |
| 300 ## - Notas gerais | |
| Texto da nota | Estrada da Leitura |
| 304 ## - Nota relativa ao título | |
| Texto de nota | Oferta FCG |
| 700 ## - Autor principal (pessoa individual) | |
| Nome | José Mauro de Vasconcelos |
| Datas | 1920-1984 |
| 701 ## - Co-autor principal (pessoa individual) | |
| Nome | Jayme Cortez |
| Datas | 1926-1987 |
| 801 ## - Fonte de origem | |
| País | PT |
| Regras de catalogação | RPC |
| 990 ## - Elementos KOHA | |
| Tipo de documento | Livro |
| Situação do levantamento | Estado | Número | Biblioteca de origem | Código de barras | Cota | Permissão de empréstimo | Tipo de documento | Forma de aquisição |
|---|---|---|---|---|---|---|---|---|
| BMA | Biblioteca Municipal do Alandroal | A10430/14 | 821.134.3(81)-31 VAS | Livro | Oferta | |||
| BMA | Biblioteca Municipal do Alandroal | A15900/21 | 821.134.3(81)-31 VAS | Livro | Compra | |||
| BMA | Biblioteca Municipal do Alandroal | 10430/14-2 | 821.134.3(81)-31 VAS | Livro | Compra |